Normal view
MARC view
- Vegte, John Van De
Entry Personal Name
001 - CONTROL NUMBER
- control field: 8999
003 - CONTROL NUMBER IDENTIFIER
- control field: NUST
005 - DATE AND TIME OF LATEST TRANSACTION
- control field: 20180118193928.0
008 - FIXED-LENGTH DATA ELEMENTS
- fixed length control field: 180118|| aca||aabn | a|a d
040 ## - CATALOGING SOURCE
- Original cataloging agency: NUST
- Transcribing agency: NUST
100 ## - HEADING--PERSONAL NAME
- Personal name: Vegte, John Van De
670 ## - SOURCE DATA FOUND
- Source citation: Work cat.: (NUST)270114: Vegte, John Van De, Feed Back Control, 1986
